Apertura, gasto público y convergencia en América Latina: un análisis econométrico espacial /

Cuantificar y comparar el crecimiento económico de los países de América Latina es el propósito de este articulo, mediante el análisis de las disparidades de los ritmos de crecimiento del ingreso per cápita y las variables de apertura y gato público. Para ello se utiliza un modelo econométrico espac...

Descripció completa

Guardat en:
Dades bibliogràfiques
Autor principal: Mendoza Cota, Jorge Eduardo
Format: Text
Matèries:
Etiquetes: Afegir etiqueta
Sense etiquetes, Sigues el primer a etiquetar aquest registre!

MARC

LEADER 00000 a a2200000 04500
001 3645
003
040
100 |a Mendoza Cota, Jorge Eduardo  
245 |a Apertura, gasto público y convergencia en América Latina:   |b un análisis econométrico espacial /  |c Jorge Eduardo Mendoza Cota 
520 |a Cuantificar y comparar el crecimiento económico de los países de América Latina es el propósito de este articulo, mediante el análisis de las disparidades de los ritmos de crecimiento del ingreso per cápita y las variables de apertura y gato público. Para ello se utiliza un modelo econométrico espacial, meditante la evaluación de los procesos de convergencia en el crecimiento económico regional y se realiza un análisis de correlación espacial para identificar posibles aglomeraciones económicas  
650 |a GASTOS PUBLICOS  
650 |a ECONOMIA  
650 |a AMERICA LATINA  
773 |g volumen 57, número 9; páginas 705-717  
999 |c 38878  |d 38878